000 00500nam a2200181 i 4500
001 66228
003 ES-MaACL
005 20250814090907.0
007 t|
008 040129s1956 sp |||| | spa d
100 1 _aGalant, Tomás.
_953321
245 1 0 _aCinematurgia /
_cTomás Galant.
260 _aValencia :
_bFomento de Cultura,
_c[1956] (
_fPascual Quiles)
300 _a218 p. ;
_c19 cm.
650 0 7 _aCinematografía
_2embne
_911038
852 _aES-MaACL
_jC-11525
999 _c66228
_d66228